Boletín de estudios y documentación de servicios sociales (Record no. 2363)
[ view plain ]
| 000 -CABECERA | |
|---|---|
| campo de control de longitud fija | 00542cas a22001812a 4500 |
| 001 - NÚMERO DE CONTROL | |
| campo de control | 000454 |
| 003 - IDENTIFICADOR DEL NÚMERO DE CONTROL | |
| campo de control | AR-FADEU |
| 008 - DATOS DE LONGITUD FIJA--INFORMACIÓN GENERAL | |
| campo de control de longitud fija | 311216n############xxu####################dd |
| 092 ## - ASIGNACIÓN LOCAL DE SIGNATURA TOPOGRÁFICA DEWEY (OCLC) | |
| Número de clasificación | PP(361)BOL |
| 022 ## - NÚMERO INTERNACIONAL NORMALIZADO PARA PUBLICACIONES SERIADAS | |
| Número Internacional Normalizado para Publicaciones Seriadas | 0211-0334 |
| 245 ## - MENCIÓN DE TÍTULO | |
| Título | Boletín de estudios y documentación de servicios sociales |
| 260 ## - PUBLICACIÓN, DISTRIBUCIÓN, ETC. (PIE DE IMPRENTA) | |
| Nombre del editor, distribuidor, etc. | INSERSO |
| 260 ## - PUBLICACIÓN, DISTRIBUCIÓN, ETC. (PIE DE IMPRENTA) | |
| Lugar de publicación, distribución, etc. | Madrid |
| 260 ## - PUBLICACIÓN, DISTRIBUCIÓN, ETC. (PIE DE IMPRENTA) | |
| Lugar de publicación, distribución, etc. | Instituto Nacional de Servicios Sociales |
| 300 ## - DESCRIPCIÓN FÍSICA | |
| Otras características físicas | 1979 (15); 1985 (21, 22/23, 25); ind. (1/80, 20/84) |
| 650 ## - PUNTO DE ACCESO ADICIONAL DE MATERIA--TÉRMINO DE MATERIA | |
| Término de materia o nombre geográfico como elemento inicial | CREATIVIDAD -TERCERA EDAD; VEJEZ-DROGAS LEGALES |
| 942 ## - ELEMENTOS DE PUNTO DE ACCESO ADICIONAL (KOHA) | |
| Tipo de ítem Koha | PPGR |
No items available.